|
|
|
|
| LEADER |
00855pam a22002298a 4500 |
| 001 |
00025728 |
| 005 |
20171026081022.0 |
| 008 |
110811s2005 ||||||viesd |
| 041 |
0 |
# |
|a vie
|
| 082 |
1 |
4 |
|a 333.730 71
|b GI108TR
|
| 100 |
0 |
# |
|a Lê Quang Trí
|
| 245 |
0 |
0 |
|a Giáo trình quy hoạch sử dụng đất đai
|b Land use planning
|c Lê Quang Trí
|
| 260 |
# |
# |
|a Cần Thơ
|b ĐH Cần Thơ
|c 2005
|
| 300 |
# |
# |
|a 175tr.
|c 27cm.
|
| 653 |
# |
# |
|a giáo trình
|
| 653 |
# |
# |
|a đất đai
|
| 653 |
# |
# |
|a quy hoạch
|
| 852 |
# |
# |
|b Kho giáo trình
|j KGT.0027215, KGT.0027216, KGT.0027217, KGT.0027218, KGT.0027219
|
| 852 |
# |
# |
|j KGT.0027215
|j KGT.0027217
|j KGT.0027218
|j KGT.0027216
|j KGT.0027219
|
| 852 |
# |
# |
|b Kho mượn
|j KGT.0027215
|
| 910 |
|
|
|d 11/08/2011
|
| 980 |
# |
# |
|a Trung tâm Học liệu Lê Vũ Hùng, Trường Đại học Đồng Tháp
|